000 00677nam a2200289Ia 4500
005 20260324120628.0
008 008 260324s9999 xx 000 0 eng d
020 _a9781315423258
037 _aEBOOK
040 _aCRL
040 _beng
040 _cCRL
041 _2eng
041 _aeng
084 _qCRL
100 _aW Penn Handwerker
_91159333
245 0 _aOur Story
245 0 _bHow Cultures Shaped People to Get Things Done
260 _bTaylor and Francis
260 _c2015
365 _a
365 _b230
856 _uhttp://www.taylorfrancis.com/books/9781315423258
942 _cEBOOK
999 _c1750960
_d1750960